000 00564cam0a220019300 4500
001 qcf00176328
005 20190816084127.0
008 830628s1967 fr 000 0 fre d
035 _a(Sirsi) r123993
035 _a(QCAT)lss03806015
035 _a(UPRA)qcf00176328
040 _dUPRA
100 0 _aColette, 1873-1954.
_dColette, 1873-1954.
_6A44286.1
245 1 3 _aLa vagabonde :
_broman.
260 _aParis :
_bAlbin Michel,
_c1967,1965.
500 _aAt head of title: Colette.
949 _aPQ2605.O28
_wlcc
_i-178204
_mMAIN
_tBOOK
_lON-SHELF
004 123993
999 _c79090
_d79090